[Event "Prague op"]
[Site "Prague"]
[Date "2024.03.04"]
[Round "6"]
[White "Kusa, Jakub"]
[Black "Kraus, Tomas"]
[Result "1/2-1/2"]
[WhiteElo "2348"]
[BlackElo "2497"]
[PlyCount "33"]
[EventDate "2024.02.28"]
[EventType "swiss"]
[EventRounds "9"]
[EventCountry "CZE"]
[SourceTitle "CB11_2024"]
[SourceDate "2024.03.13"]
[SourceVersion "1"]
[SourceVersionDate "2024.03.13"]
[SourceQuality "1"]

1. Nf3 d5 2. e3 Nf6 3. c4 e6 4. b3 Bd6 5. Bb2 0-0 6. Nc3 c6 7. d4 Nbd7 8. Bd3 e5 9. cxd5 cxd5 10. dxe5 Nxe5 11. Be2 Nc6 12. 0-0 a6 13. Rc1 Re8 14. Na4 Ne4 15. Nc3 Nf6 16. Na4 Ne4 17. Nc3 1/2-1/2

[Event "Marianske Lazne GM-A1 22nd"]
[Site "Marianske Lazne"]
[Date "2024.01.16"]
[Round "4"]
[White "Kusa, Jakub"]
[Black "Stefansson, Hannes"]
[Result "1/2-1/2"]
[WhiteElo "2350"]
[BlackElo "2498"]
[PlyCount "136"]
[EventDate "2024.01.13"]
[EventType "tourn"]
[EventRounds "9"]
[EventCountry "CZE"]
[EventCategory "7"]
[SourceTitle "CB04_2024"]
[SourceDate "2023.10.16"]
[SourceVersion "1"]
[SourceVersionDate "2023.10.16"]
[SourceQuality "1"]

1. d4 Nf6 2. c4 e6 3. Nf3 d5 4. g3 Bb4+ 5. Bd2 Be7 6. Bg2 0-0 7. 0-0 c6 8. Qc2 a5 9. Bf4 a4 10. Ne5 Nbd7 11. Nd2 Nxe5 12. Bxe5 Ng4 13. Nf3 Nxe5 14. Nxe5 Qa5 15. Rfd1 Bd6 16. Nd3 Bd7 17. Rac1 Rfd8 18. e3 Be8 19. Bf1 f6 20. cxd5 cxd5 21. Qc3 Qxc3 22. Rxc3 Rdc8 23. Rdc1 Rxc3 24. Rxc3 Bc6 25. a3 Kf7 26. Nb4 Bd7 27. Bd3 Ra5 28. Kf1 g5 29. Ke2 h5 30. b3 h4 31. bxa4 Bxa4 32. Bc2 Bd7 33. Bd3 Ke7 34. Rb3 f5 35. Nc2 Bc6 36. Kd2 Kd7 37. Kc1 Kc7 38. Nb4 Ba4 39. Rc3+ Kb6 40. Kb2 Ra8 41. Bc2 Bb5 42. Nd3 Rh8 43. a4 Ba6 44. Rb3+ Kc7 45. Kc3 Bc4 46. Rb2 hxg3 47. hxg3 Ba3 48. Rb1 Rh2 49. Rf1 Bd6 50. Bb3 Ba6 51. Rc1 Kb6 52. Rc2 Rh8 53. Ne5 Ka5 54. Kb2 Bxe5 55. dxe5 Kb4 56. Rd2 Rh2 57. Bd1 Bc4 58. Kc1 Rh1 59. Kb2 Rh2 60. Kc1 Ka3 61. Rb2 Rh1 62. Rxb7 d4 63. Kd2 dxe3+ 64. fxe3 Bd5 65. Rg7 Kb4 66. Rxg5 Rh2+ 67. Ke1 Rh1+ 68. Kd2 Rh2+ 1/2-1/2

[Event "Berlin Radtke Memorial op"]
[Site "Berlin"]
[Date "2023.10.29"]
[Round "9"]
[White "Kusa, Jakub"]
[Black "Tulchynskyi, Feliks"]
[Result "1/2-1/2"]
[WhiteElo "2351"]
[BlackElo "2228"]
[PlyCount "86"]
[EventDate "2023.10.23"]
[EventType "swiss"]
[EventRounds "9"]
[EventCountry "GER"]
[SourceTitle "Mega2024 Update 01"]
[Source "Chessbase"]
[SourceDate "2023.11.12"]
[SourceVersion "1"]
[SourceVersionDate "2023.11.12"]
[SourceQuality "1"]

1. d4 d5 2. c4 e6 3. Nf3 Nf6 4. g3 Bb4+ 5. Bd2 Be7 6. Bg2 0-0 7. 0-0 c6 8. Qc2 Nbd7 9. Re1 b6 10. Bf4 Ba6 11. Nbd2 Rc8 12. e4 dxe4 13. Nxe4 Nxe4 14. Rxe4 c5 15. Rd1 Bb7 16. Ree1 Bxf3 17. Bxf3 cxd4 18. Rxd4 e5 19. Rd5 exf4 20. Red1 Rc7 21. Bg4 Bc5 22. Bxd7 Qf6 23. b3 g6 24. Qe2 fxg3 25. hxg3 Rd8 26. Kg2 a5 27. R1d2 Kg7 28. Qf3 h5 29. Qxf6+ Kxf6 30. Bb5 Rxd5 31. cxd5 Bd6 32. Bc4 Rc5 33. a4 Rc7 34. Re2 Re7 35. Rxe7 Kxe7 36. Bb5 f5 37. f3 g5 38. g4 fxg4 39. fxg4 hxg4 40. Be2 g3 41. Bb5 Kf6 42. Kf3 g4+ 43. Kg2 Kg5 1/2-1/2

[Event "Olomouc IM-B 24th"]
[Site "Olomouc"]
[Date "2023.08.17"]
[Round "7"]
[White "Kusa, Jakub"]
[Black "Levitan, Ronit"]
[Result "1-0"]
[WhiteElo "2360"]
[BlackElo "2131"]
[PlyCount "127"]
[EventDate "2023.08.12"]
[EventType "tourn"]
[EventRounds "9"]
[EventCountry "CZE"]
[SourceTitle "CBM 215 Extra"]
[Source "ChessBase"]
[SourceDate "2023.09.30"]
[SourceVersion "1"]
[SourceVersionDate "2023.09.30"]
[SourceQuality "1"]

1. Nf3 d5 2. c4 e6 3. g3 dxc4 4. Qa4+ Nd7 5. Qxc4 a6 6. Qc2 Rb8 7. Bg2 b5 8. a4 c5 9. axb5 axb5 10. 0-0 Ngf6 11. d4 Bb7 12. dxc5 Bxc5 13. Bf4 Rc8 14. Qd3 Qb6 15. Nc3 Bc6 16. Ne5 Bxg2 17. Kxg2 b4 18. Nxd7 Qc6+ 19. Kg1 Nxd7 20. Ne4 0-0 21. Rfd1 Rfd8 22. Rac1 Qa8 23. Ra1 Qb7 24. Nxc5 Rxc5 25. Qd6 Rd5 26. Rxd5 Qxd5 27. Qxd5 exd5 28. Ra4 b3 29. Rb4 Nc5 30. Be3 Ne6 31. Rxb3 h6 32. Kf1 g5 33. Ke1 Kg7 34. Bb6 Rc8 35. Kd2 Kf6 36. Rb5 Ke5 37. Ba5 h5 38. Bc3+ Kd6 39. Rb7 f5 40. Rh7 Rb8 41. Rh6 Kd7 42. e3 Nc5 43. Rxh5 Ne4+ 44. Kc2 Nxf2 45. Rxg5 Ng4 46. h3 Nxe3+ 47. Kd3 Nd1 48. Rxf5 Nxb2+ 49. Bxb2 Rxb2 50. Rxd5+ Ke6 51. Rg5 Kf6 52. h4 Rb3+ 53. Ke4 Rb4+ 54. Kf3 Ra4 55. Rb5 Kg6 56. Kg2 Rc4 57. Kh3 Ra4 58. Rb6+ Kg7 59. h5 Kh7 60. g4 Ra5 61. Kh4 Ra7 62. Rb4 Ra1 63. Rb7+ Kg8 64. h6 1-0

[Event "Pardubice Czech op-A 34th"]
[Site "Pardubice"]
[Date "2023.07.27"]
[Round "7"]
[White "Kusa, Jakub"]
[Black "Chyzy, Jakub"]
[Result "1-0"]
[WhiteElo "2340"]
[BlackElo "2242"]
[PlyCount "83"]
[EventDate "2023.07.21"]
[EventType "swiss"]
[EventRounds "9"]
[EventCountry "CZE"]
[SourceTitle "CBM 215 Extra"]
[Source "ChessBase"]
[SourceDate "2023.09.30"]
[SourceVersion "1"]
[SourceVersionDate "2023.09.30"]
[SourceQuality "1"]

1. Nf3 Nf6 2. c4 e6 3. g3 d5 4. Bg2 Be7 5. d4 dxc4 6. 0-0 a6 7. a4 Nc6 8. e3 Rb8 9. Qe2 b5 10. axb5 axb5 11. b3 cxb3 12. Nfd2 Nb4 13. Nxb3 0-0 14. Bd2 Bb7 15. Bxb7 Rxb7 16. Rc1 Qd5 17. Nc5 Bxc5 18. Rxc5 Qb3 19. Bxb4 Qxb4 20. Nc3 Nd5 21. Nxd5 exd5 22. Qa2 Rfb8 23. Qxd5 g6 24. Qa2 h5 25. Qc2 Rc8 26. Ra6 Kg7 27. Rcc6 Kf8 28. Rf6 c6 29. Qxg6 Qb3 30. Qh6+ Ke7 31. Rfxc6 Qb1+ 32. Kg2 Qe4+ 33. f3 Rxc6 34. Rxc6 Qd5 35. e4 Qxd4 36. Qg5+ Kd7 37. Rc2 Ke6 38. Rd2 Qe5 39. Qd8 Rb8 40. Qd7+ Kf6 41. Rd5 Qb2+ 42. Kh3 1-0

[Event "Pardubice Czech op-A 34th"]
[Site "Pardubice"]
[Date "2023.07.26"]
[Round "6"]
[White "Commercon, Simon"]
[Black "Kusa, Jakub"]
[Result "0-1"]
[WhiteElo "2181"]
[BlackElo "2340"]
[PlyCount "48"]
[EventDate "2023.07.21"]
[EventType "swiss"]
[EventRounds "9"]
[EventCountry "CZE"]
[SourceTitle "CBM 215 Extra"]
[Source "ChessBase"]
[SourceDate "2023.09.30"]
[SourceVersion "1"]
[SourceVersionDate "2023.09.30"]
[SourceQuality "1"]

1. d4 d5 2. c4 e6 3. Nf3 Nf6 4. g3 dxc4 5. Bg2 a6 6. 0-0 Nc6 7. e3 Rb8 8. Nfd2 e5 9. Bxc6+ bxc6 10. dxe5 Ng4 11. Nxc4 Be6 12. Nbd2 h5 13. f3 Rb4 14. Qe2 h4 15. fxg4 hxg3 16. b3 Rxh2 17. Qf3 Qh4 18. Qxc6+ Bd7 19. Qa8+ Ke7 20. Qf3 Rxd2 21. Qxf7+ Kd8 22. Qh5 Qh2+ 23. Qxh2 gxh2+ 24. Kh1 Bc6+ 0-1

[Event "Pardubice Czech op-E 34th"]
[Site "Pardubice"]
[Date "2023.07.15"]
[Round "4"]
[White "Kusa, Jakub"]
[Black "Simet, Martin"]
[Result "1-0"]
[WhiteElo "2340"]
[BlackElo "2188"]
[PlyCount "47"]
[EventDate "2023.07.13"]
[EventType "team-swiss"]
[EventRounds "7"]
[EventCountry "CZE"]
[SourceTitle "CBM 215 Extra"]
[Source "ChessBase"]
[SourceDate "2023.09.30"]
[SourceVersion "1"]
[SourceVersionDate "2023.09.30"]
[SourceQuality "1"]
[WhiteTeam "Brno Moravska Slavia"]
[BlackTeam "Klatovy Sokol"]
[WhiteTeamCountry "CZE"]
[BlackTeamCountry "CZE"]

1. d4 Nf6 2. c4 e6 3. g3 d5 4. Nf3 dxc4 5. Bg2 Bd7 6. Ne5 Bc6 7. Nxc6 Nxc6 8. 0-0 Qd7 9. e3 Rd8 10. Qc2 Be7 11. Qxc4 Nd5 12. Nc3 0-0 13. Bd2 Rfe8 14. Rac1 Bf8 15. Rfd1 a6 16. Nxd5 exd5 17. Qb3 b5 18. Qc2 Nb4 19. Qxc7 Qg4 20. Bxb4 Bxb4 21. a3 Bf8 22. Qb7 Qe2 23. Qxa6 Qxb2 24. Rb1 1-0

[Event "Reykjavik op"]
[Site "Reykjavik"]
[Date "2023.04.04"]
[Round "9"]
[White "Kusa, Jakub"]
[Black "Sivakumar, Ashvin"]
[Result "1/2-1/2"]
[WhiteElo "2373"]
[BlackElo "2181"]
[PlyCount "73"]
[EventDate "2023.03.29"]
[EventType "swiss"]
[EventRounds "9"]
[EventCountry "ISL"]
[SourceTitle "CBM 213 Extra"]
[Source "ChessBase"]
[SourceDate "2023.05.31"]
[SourceVersion "1"]
[SourceVersionDate "2023.05.31"]
[SourceQuality "1"]

1. d4 Nf6 2. Nf3 g6 3. c4 Bg7 4. Nc3 d6 5. e4 0-0 6. Be2 Nbd7 7. 0-0 e5 8. Be3 Qe7 9. Qc2 c6 10. Rad1 h6 11. d5 c5 12. Ne1 Nh7 13. Nd3 f5 14. f3 Ndf6 15. b4 b6 16. bxc5 bxc5 17. exf5 Bxf5 18. g4 e4 19. gxf5 exd3 20. Qxd3 gxf5 21. Rde1 Rae8 22. Bd1 Nh5 23. Ba4 Rb8 24. Kh1 Qh4 25. Bf2 Qh3 26. Ne2 Be5 27. Rg1+ Kh8 28. Ng3 Ng5 29. Rxe5 dxe5 30. Qc3 Kh7 31. Qxe5 Ng7 32. Bd1 Rbe8 33. Qb2 Rf7 34. Bxc5 f4 35. Ne4 Nxf3 36. Qc2 Kg8 37. Nd6 1/2-1/2

[Event "Reykjavik op"]
[Site "Reykjavik"]
[Date "2023.04.01"]
[Round "5"]
[White "Kusa, Jakub"]
[Black "Wecker, Martin"]
[Result "1-0"]
[WhiteElo "2373"]
[BlackElo "2144"]
[PlyCount "41"]
[EventDate "2023.03.29"]
[EventType "swiss"]
[EventRounds "9"]
[EventCountry "ISL"]
[SourceTitle "CBM 213 Extra"]
[Source "ChessBase"]
[SourceDate "2023.05.31"]
[SourceVersion "1"]
[SourceVersionDate "2023.05.31"]
[SourceQuality "1"]

1. d4 Nf6 2. Nf3 d5 3. c4 e6 4. g3 Bb4+ 5. Bd2 Bd6 6. Bg2 c6 7. Qc2 0-0 8. 0-0 Nbd7 9. b3 Ne4 10. Nc3 Nxd2 11. Nxd2 f5 12. Rab1 Qe7 13. e3 b6 14. cxd5 Ba6 15. dxc6 Bxf1 16. Rxf1 Nf6 17. Nb5 Bc7 18. Nc4 a6 19. Nxc7 Qxc7 20. Ne5 Rfd8 21. Rc1 1-0

[Event "Reykjavik op"]
[Site "Reykjavik"]
[Date "2023.03.30"]
[Round "3"]
[White "Kusa, Jakub"]
[Black "Hnatyshyn, Anastasiya"]
[Result "1/2-1/2"]
[WhiteElo "2373"]
[BlackElo "2114"]
[PlyCount "80"]
[EventDate "2023.03.29"]
[EventType "swiss"]
[EventRounds "9"]
[EventCountry "ISL"]
[SourceTitle "CBM 213 Extra"]
[Source "ChessBase"]
[SourceDate "2023.05.31"]
[SourceVersion "1"]
[SourceVersionDate "2023.05.31"]
[SourceQuality "1"]

1. d4 d5 2. Nf3 Nf6 3. c4 e6 4. g3 Be7 5. Bg2 0-0 6. 0-0 dxc4 7. Qc2 a6 8. a4 Bd7 9. Qxc4 Bc6 10. Bf4 Bd6 11. Qc1 Nbd7 12. Nc3 Ne4 13. Rd1 Ndf6 14. Qc2 Bxf4 15. gxf4 Nxc3 16. bxc3 Be4 17. Qb3 Qd5 18. c4 Qf5 19. e3 Bc2 20. Qxb7 Bxd1 21. Rxd1 Qc2 22. Rf1 Qxc4 23. Ne5 Qxa4 24. Nc6 g6 25. Qxc7 Kg7 26. Ne5 Rac8 27. Qb7 Rb8 28. Qa7 Qb5 29. Ra1 Rbc8 30. Bf3 Nd5 31. Bxd5 Qxd5 32. h4 Ra8 33. Qe7 Qd8 34. Qb7 Rb8 35. Qa7 Qxh4 36. Nxf7 Qg4+ 37. Kf1 Qh3+ 38. Kg1 Qg4+ 39. Kf1 Qh3+ 40. Kg1 Qg4+ 1/2-1/2

[Event "CZE-chT 2223"]
[Site "Czech Republic"]
[Date "2023.02.19"]
[Round "8.6"]
[White "Kusa, Jakub"]
[Black "Pulpan, Jakub"]
[Result "1/2-1/2"]
[WhiteElo "2360"]
[BlackElo "2408"]
[PlyCount "110"]
[EventDate "2022.10.15"]
[EventType "team-tourn"]
[EventRounds "11"]
[EventCountry "CZE"]
[SourceTitle "CBM 213 Extra"]
[Source "ChessBase"]
[SourceDate "2023.05.31"]
[SourceVersion "1"]
[SourceVersionDate "2023.05.31"]
[SourceQuality "1"]
[WhiteTeam "Brno Moravska Slavia"]
[BlackTeam "Lysa nad Labem"]
[WhiteTeamCountry "CZE"]
[BlackTeamCountry "CZE"]

1. d4 Nf6 2. c4 e6 3. Nf3 d5 4. g3 Be7 5. Bg2 0-0 6. 0-0 dxc4 7. Qc2 a6 8. a4 Bd7 9. Qxc4 Bc6 10. Bf4 Bd6 11. Qc1 Qe7 12. Nc3 Nbd7 13. Re1 Bxf3 14. Bxf3 Bxf4 15. Qxf4 c6 16. a5 Rfe8 17. Red1 e5 18. dxe5 Nxe5 19. Bg2 h6 20. Ra4 Rad8 21. Rad4 Rd7 22. Rxd7 Nfxd7 23. b4 g5 24. Qd4 Nf6 25. Na4 Ned7 26. e3 Nf8 27. Bh3 h5 28. Nc5 g4 29. Bg2 Ne6 30. Qe5 Nxc5 31. Qg5+ Kh7 32. Qf5+ Kg7 33. Qg5+ Kh7 34. Qf5+ Kh6 35. bxc5 Qe5 36. Qc2 Re7 37. Qc4 Kg7 38. h3 h4 39. gxh4 g3 40. Qf4 gxf2+ 41. Kxf2 Qxf4+ 42. exf4 Ne4+ 43. Bxe4 Rxe4 44. Kf3 Ra4 45. Rd7 Rxa5 46. Rxb7 Rxc5 47. Kg4 Kg6 48. h5+ Rxh5 49. Rb6 Rc5 50. Rxa6 f5+ 51. Kg3 Rc3+ 52. Kg2 Rc2+ 53. Kf3 Rc3+ 54. Kg2 Rc1 55. Ra5 Rc2+ 1/2-1/2

[Event "Marianske Lazne GM-A1 21st"]
[Site "Marianske Lazne"]
[Date "2023.01.17"]
[Round "5"]
[White "Kusa, Jakub"]
[Black "Stalmach, Richard"]
[Result "0-1"]
[WhiteElo "2359"]
[BlackElo "2423"]
[PlyCount "126"]
[EventDate "2023.01.14"]
[EventType "tourn"]
[EventRounds "9"]
[EventCountry "CZE"]
[EventCategory "7"]
[SourceTitle "CBM 212 Extra"]
[Source "ChessBase"]
[SourceDate "2023.03.31"]
[SourceVersion "1"]
[SourceVersionDate "2023.03.31"]
[SourceQuality "1"]

1. d4 Nf6 2. c4 g6 3. Nc3 Bg7 4. e4 d6 5. Nf3 0-0 6. Be2 e5 7. Be3 Ng4 8. Bg5 f6 9. Bc1 Nc6 10. 0-0 f5 11. dxe5 Ngxe5 12. exf5 Bxf5 13. Be3 Qd7 14. Nxe5 Nxe5 15. Bd4 Be6 16. Nd5 c6 17. Ne3 Rf4 18. Bxe5 Bxe5 19. Qc2 Raf8 20. g3 R4f7 21. Rad1 Bh3 22. Ng2 Qc7 23. f4 Qb6+ 24. c5 Qxb2 25. Qxb2 Bxb2 26. cxd6 Rd7 27. g4 Ba3 28. Rd3 Bc5+ 29. Kh1 Bxg2+ 30. Kxg2 Rxd6 31. Rxd6 Bxd6 32. f5 gxf5 33. gxf5 Kg7 34. Rf3 h6 35. Bc4 Kf6 36. Be6 Rd8 37. h3 Be5 38. Ra3 Rd2+ 39. Kf3 Bb8 40. Bc8 b6 41. Be6 Rd4 42. Re3 c5 43. Ke2 Be5 44. Ra3 a5 45. Rb3 Bc7 46. Rd3 Re4+ 47. Kd1 Be5 48. Rd7 Kg5 49. Rb7 Rb4 50. a3 Rb2 51. Rh7 Rh2 52. Rb7 Rb2 53. Rh7 b5 54. h4+ Kh5 55. Bf7+ Kxh4 56. Rxh6+ Kg5 57. Rc6 c4 58. a4 c3 59. axb5 a4 60. b6 a3 61. f6 Bxf6 62. Rc8 Be5 63. Rc5 Kf6 0-1

[Event "Marianske Lazne GM-A1 21st"]
[Site "Marianske Lazne"]
[Date "2023.01.14"]
[Round "1"]
[White "Kusa, Jakub"]
[Black "Petr, Martin"]
[Result "1/2-1/2"]
[WhiteElo "2359"]
[BlackElo "2508"]
[PlyCount "157"]
[EventDate "2023.01.14"]
[EventType "tourn"]
[EventRounds "9"]
[EventCountry "CZE"]
[EventCategory "7"]
[SourceTitle "CBM 212 Extra"]
[Source "ChessBase"]
[SourceDate "2023.03.31"]
[SourceVersion "1"]
[SourceVersionDate "2023.03.31"]
[SourceQuality "1"]

1. d4 d5 2. c4 e6 3. Nf3 Nf6 4. g3 dxc4 5. Bg2 Nbd7 6. Qc2 a6 7. a4 c5 8. dxc5 Nxc5 9. Nbd2 Bd7 10. Ne5 Nb3 11. Rb1 Rc8 12. Nxd7 Nxd7 13. Nxb3 cxb3 14. Qxb3 Nc5 15. Qc4 Qd7 16. a5 Na4 17. Qb3 Nc5 18. Qc4 Na4 19. Qb3 Nc5 20. Qf3 Be7 21. 0-0 0-0 22. Be3 e5 23. Rfd1 Qe6 24. Qd5 Rc7 25. Qxe6 fxe6 26. Rbc1 Rfc8 27. Rc4 Nb3 28. Rxc7 Rxc7 29. Bb6 Rc2 30. Bxb7 Rxb2 31. Bxa6 Bb4 32. Bc4 Bxa5 33. Bxe6+ Kf8 34. Bxa5 Nxa5 35. Rd7 Rb7 36. Rd5 Nc6 37. e3 Re7 38. Bf5 g6 39. Be4 Kg7 40. h4 Nb8 41. g4 Nd7 42. g5 h6 43. Rb5 Nf8 44. Kg2 hxg5 45. hxg5 Nh7 46. Rb6 Nf8 47. Kg3 Rd7 48. Rb5 Re7 49. Kg4 Nh7 50. Rb8 Nf8 51. Bd5 Rd7 52. Bb3 Rd2 53. Kf3 Rb2 54. Rb7+ Kh8 55. Rb8 Kg7 56. Rb7+ Kh8 57. Bd5 Rxb7 58. Bxb7 Ne6 59. Kg4 Kg7 60. Bd5 Nc5 61. Kf3 Kf8 62. Ke2 Ke7 63. f3 Kd6 64. Bf7 Ke7 65. Bc4 Nb7 66. Bd3 Nc5 67. Bc4 Nb7 68. Bd5 Nd6 69. Kd3 Kf8 70. Kc3 Ke7 71. Kb4 Nf5 72. Be4 Nxe3 73. Bxg6 Ke6 74. Be4 Ng2 75. Kc5 Nh4 76. g6 Kf6 77. Kd6 Nxf3 78. Bxf3 Kxg6 79. Kxe5 1/2-1/2

[Event "Brno IM 11th"]
[Site "Brno"]
[Date "2022.11.17"]
[Round "7"]
[White "Kusa, Jakub"]
[Black "Flasik, Radoslav"]
[Result "1/2-1/2"]
[WhiteElo "2374"]
[BlackElo "2122"]
[PlyCount "94"]
[EventDate "2022.11.12"]
[EventType "tourn"]
[EventRounds "9"]
[EventCountry "CZE"]
[EventCategory "2"]
[SourceTitle "CBM 211 Extra"]
[Source "ChessBase"]
[SourceDate "2023.01.31"]
[SourceVersion "1"]
[SourceVersionDate "2023.01.31"]
[SourceQuality "1"]

1. d4 d5 2. Nf3 e6 3. g3 Nf6 4. c4 Be7 5. Bg2 0-0 6. 0-0 dxc4 7. Qc2 a6 8. a4 Bd7 9. Rd1 Bc6 10. Nc3 Bb4 11. Bg5 Bxc3 12. bxc3 Nbd7 13. Re1 h6 14. Bxf6 Qxf6 15. e4 a5 16. Qe2 Nb6 17. Reb1 Nxa4 18. e5 Qe7 19. Qxc4 Nb6 20. Qd3 Bd5 21. Nd2 Bxg2 22. Kxg2 Qd7 23. Qf3 Qd5 24. Qxd5 exd5 25. Nb3 Nc4 26. Nc5 b6 27. Nd3 c6 28. Nb2 Nxb2 29. Rxb2 Ra6 30. Kf1 Rc8 31. Ke2 Kf8 32. Kd3 Ke7 33. f4 g6 34. g4 b5 35. h4 a4 36. Rf2 Re8 37. Kc2 Raa8 38. Kb2 h5 39. g5 c5 40. f5 cxd4 41. cxd4 b4 42. fxg6 fxg6 43. Raf1 Kd7 44. Rf6 Ra7 45. Rb6 b3 46. Ra1 Re6 47. Rxb3 Rc6 1/2-1/2

[Event "Brno IM 11th"]
[Site "Brno"]
[Date "2022.11.13"]
[Round "2"]
[White "Nemec, Jachym"]
[Black "Kusa, Jakub"]
[Result "1/2-1/2"]
[WhiteElo "2341"]
[BlackElo "2374"]
[PlyCount "136"]
[EventDate "2022.11.12"]
[EventType "tourn"]
[EventRounds "9"]
[EventCountry "CZE"]
[EventCategory "2"]
[SourceTitle "CBM 211 Extra"]
[Source "ChessBase"]
[SourceDate "2023.01.31"]
[SourceVersion "1"]
[SourceVersionDate "2023.01.31"]
[SourceQuality "1"]

1. d4 d5 2. c4 e6 3. Nc3 a6 4. cxd5 exd5 5. Nf3 h6 6. Bf4 Nf6 7. e3 Bd6 8. Bxd6 Qxd6 9. Bd3 Bg4 10. Qb3 Nbd7 11. Nh4 c5 12. Bf5 cxd4 13. exd4 Bxf5 14. Nxf5 Qe6+ 15. Ne3 Nb6 16. 0-0 0-0 17. Rfe1 Rfe8 18. h3 Rad8 19. a4 Rd7 20. Ng4 Qxe1+ 21. Rxe1 Rxe1+ 22. Kh2 Nxg4+ 23. hxg4 Re6 24. Qb4 Nc4 25. Nxd5 Rxd5 26. Qxc4 Rd8 27. Qc7 Rxd4 28. f3 Rb4 29. b3 a5 30. Qxa5 Rxb3 31. Qd5 Rbb6 32. Qd8+ Kh7 33. Qd7 Rf6 34. Kg3 g6 35. Kh2 Kg7 36. Qd4 Rbd6 37. Qb2 b6 38. Qc3 Rc6 39. Qd4 g5 40. Qe4 Rce6 41. Qd4 Rd6 42. Qe5 Rde6 43. Qd4 Rc6 44. Kg3 Rcd6 45. Qe5 Kf8 46. Qc3 Rc6 47. Qb4+ Kg8 48. a5 bxa5 49. Qxa5 Rc8 50. Qe5 Re6 51. Qd4 Re2 52. Qd3 Rce8 53. Qd6 R2e6 54. Qd5 Rb8 55. Qd2 Kf8 56. Qd4 Rbe8 57. Qh8+ Ke7 58. Qd4 Rd8 59. Qb4+ Ke8 60. Qb5+ Kf8 61. Qc5+ Kg8 62. Qc2 Red6 63. Qe4 Rd2 64. Qe7 Rc8 65. Kh3 Rcc2 66. Qe8+ Kg7 67. Qe4 Kg8 68. Qe8+ Kg7 1/2-1/2

[Event "Brno IM 11th"]
[Site "Brno"]
[Date "2022.11.12"]
[Round "1"]
[White "Kusa, Jakub"]
[Black "Wiley, Tom E"]
[Result "1-0"]
[WhiteElo "2374"]
[BlackElo "2116"]
[PlyCount "133"]
[EventDate "2022.11.12"]
[EventType "tourn"]
[EventRounds "9"]
[EventCountry "CZE"]
[EventCategory "2"]
[SourceTitle "CBM 211 Extra"]
[Source "ChessBase"]
[SourceDate "2023.01.31"]
[SourceVersion "1"]
[SourceVersionDate "2023.01.31"]
[SourceQuality "1"]

1. d4 Nf6 2. c4 e6 3. Nf3 d5 4. g3 dxc4 5. Bg2 Bb4+ 6. Bd2 a5 7. Qc2 Bxd2+ 8. Nbxd2 b5 9. a4 c6 10. 0-0 0-0 11. b3 cxb3 12. Nxb3 b4 13. e4 Nbd7 14. Rfd1 Bb7 15. Rac1 Qe7 16. Nfd2 c5 17. dxc5 Rfe8 18. Nc4 Bc6 19. Nd6 Bxa4 20. Nxe8 Rxe8 21. e5 Nxe5 22. Qa2 Bxb3 23. Qxb3 h6 24. c6 Qc7 25. Rc5 Ng6 26. Qa4 Ne7 27. Rxa5 Nfd5 28. Bxd5 Nxd5 29. Ra8 Kf8 30. Rxe8+ Kxe8 31. Ra1 Qb8 32. Qa5 b3 33. Rb1 Ke7 34. Qa3+ Qb4 35. Qxb3 Qxb3 36. Rxb3 Kd6 37. Rb7 Nc7 38. Rb8 Kxc6 39. Rg8 g5 40. Rh8 Kd6 41. Rxh6 Ke5 42. h3 Nd5 43. Kg2 Ne7 44. Rh8 Kf6 45. Kf3 Ng6 46. Ra8 Ne5+ 47. Ke4 Ng6 48. Ra5 Ne7 49. Ra3 Ng6 50. Kd4 Ne5 51. Rc3 Ng6 52. Kc5 Ne5 53. Kd6 Ng6 54. Re3 Kg7 55. Kd7 Nf8+ 56. Ke7 Ng6+ 57. Ke8 Nf8 58. Ra3 Ng6 59. Ra7 Nh8 60. h4 gxh4 61. gxh4 Kg6 62. Ra5 Kf6 63. h5 Kg7 64. Rg5+ Kh6 65. Rg8 Kh7 66. Rxh8+ Kxh8 67. Kxf7 1-0